000 00540nam a2200193 a 4500
005 20140310183329.0
008 060815s19uu xx 00 eng d
020 _a0072229713
050 _aQA 76.73.J38
_b.Sch323 2003
100 _aSchildt, Herbert
245 _aThe art of Java /
_cHerbert Schildt.
260 _aNew York :
_bMcGraw-Hill Osborne,
_c2003.
300 _a370 p. :
_bill. ;
_c23 cm.
521 _aIT
650 _aJava (Computer Program Language).
700 _aHolmes, James
942 _cBK
_2lcc
_kFOR
999 _c21507
_d21507